<?xml version="1.0" encoding="UTF-8"?>
<record
    xmlns:xsi="http://www.w3.org/2001/XMLSchema-instance"
    xsi:schemaLocation="http://www.loc.gov/MARC21/slim http://www.loc.gov/standards/marcxml/schema/MARC21slim.xsd"
    xmlns="http://www.loc.gov/MARC21/slim">

  <leader>02205nam a22003497a 4500</leader>
  <controlfield tag="003">DO-SdBNP</controlfield>
  <controlfield tag="005">20220712125021.0</controlfield>
  <controlfield tag="008">171020b2006 dr|| 00| 0 spa d</controlfield>
  <datafield tag="020" ind1=" " ind2=" ">
    <subfield code="a">9945160664</subfield>
  </datafield>
  <datafield tag="040" ind1=" " ind2=" ">
    <subfield code="a">BPMSU</subfield>
    <subfield code="b">spa</subfield>
    <subfield code="c">BPMSU</subfield>
  </datafield>
  <datafield tag="082" ind1=" " ind2=" ">
    <subfield code="a">928.617293</subfield>
    <subfield code="b">M843L 2006</subfield>
    <subfield code="2">22</subfield>
  </datafield>
  <datafield tag="100" ind1="1" ind2=" ">
    <subfield code="a">Lantigua, Jos&#xE9; Rafael</subfield>
  </datafield>
  <datafield tag="245" ind1="1" ind2=" ">
    <subfield code="a">Domingo Moreno Jimenes :</subfield>
    <subfield code="b">biograf&#xED;a de un poeta /</subfield>
    <subfield code="c">Jos&#xE9; Rafael Lantigua ; edici&#xF3;n Avelino Stanley ; pr&#xF3;logo Julio Jaime Julia</subfield>
  </datafield>
  <datafield tag="250" ind1=" " ind2=" ">
    <subfield code="a">5a ed.</subfield>
  </datafield>
  <datafield tag="260" ind1=" " ind2=" ">
    <subfield code="a">Santo Domingo :</subfield>
    <subfield code="b">B&#xFA;ho ;</subfield>
    <subfield code="c">2006.</subfield>
  </datafield>
  <datafield tag="300" ind1=" " ind2=" ">
    <subfield code="a">234 p. :</subfield>
    <subfield code="c">23 cm.</subfield>
  </datafield>
  <datafield tag="500" ind1=" " ind2=" ">
    <subfield code="a">Incluye datos biogr&#xE1;ficos del autor en las solapas</subfield>
  </datafield>
  <datafield tag="500" ind1=" " ind2=" ">
    <subfield code="a">Publicaci&#xF3;n conmemorativa del 30 aniversario de la primera edici&#xF3;n </subfield>
  </datafield>
  <datafield tag="500" ind1=" " ind2=" ">
    <subfield code="a">Incluye &#xED;dice</subfield>
  </datafield>
  <datafield tag="500" ind1=" " ind2=" ">
    <subfield code="a">Incluye referencias bibliogr&#xE1;ficas y notas al pie de las p&#xE1;ginas </subfield>
  </datafield>
  <datafield tag="504" ind1=" " ind2=" ">
    <subfield code="a">Bibliograf&#xED;as : p. 227-228</subfield>
  </datafield>
  <datafield tag="505" ind1="0" ind2=" ">
    <subfield code="a">Pr&#xF3;logo / Julio Jaime Julio -- Proemio -- Sus padres y primeros a&#xF1;os ; Primer poema -- La historia ; Primeros libros," Pan de ma&#xED;z" y Jimenes -- Libertador ; Labor en "letras" ; Bosch, Moreno y los "romances" ; Balaguer ; La Cueva , Gabriela Mistral y otros poetas ; Literatura de ma&#xF1;ana -- Pont&#xED;fice de la Colina Sacra ; Postumismo: c&#xE1;rcel o camino -- Trotamundos ; Viaje pintoresco y libros ; Registro &#xF3;ptico, Colina de Santiago, libros -- Colina de Asomante y "D&#xED;a est&#xE9;tico" ; Visita a Puerto Rico: los integralistas ; Trujillo y el Instituto de la Poes&#xED;a ; Los tri&#xE1;logos ; La Poes&#xED;a Sorprendida ; El poema de La hija reintegrada -- El caso Manuel Rueda ; Postumismo, Modernismo y Vedrinismo ; El acento dominicano ; Resumen de un apostolado ; Poetas preferidos y labor educativa ; Firmeza en el ideal: Dios y Am&#xE9;rica -- H&#xE9;ctor Inch&#xE1;ustegui Cabral y "Rosa, el poema del amor antillano" ; Manuel del Cabral ; Horia Tanasescu ; Bibliograf&#xED;a -- &#xCD;ndice onom&#xE1;stico.</subfield>
  </datafield>
  <datafield tag="590" ind1=" " ind2=" ">
    <subfield code="6">Inventariado, 2021</subfield>
  </datafield>
  <datafield tag="600" ind1="1" ind2="4">
    <subfield code="a">Moreno Jimenes Domingo</subfield>
    <subfield code="d">,1894-1936</subfield>
    <subfield code="x">Cr&#xED;tica e  interpretaci&#xF3;n </subfield>
  </datafield>
  <datafield tag="650" ind1=" " ind2="4">
    <subfield code="a">Literatura dominicana</subfield>
  </datafield>
  <datafield tag="650" ind1=" " ind2="4">
    <subfield code="a">Poes&#xED;a dominicana</subfield>
  </datafield>
  <datafield tag="650" ind1=" " ind2="4">
    <subfield code="a">Poetas dominicanos</subfield>
  </datafield>
  <datafield tag="700" ind1="1" ind2=" ">
    <subfield code="a">Stanley, Avelino,</subfield>
    <subfield code="e">ed.</subfield>
  </datafield>
  <datafield tag="700" ind1="1" ind2=" ">
    <subfield code="a">Julia, Julio Jaime,</subfield>
    <subfield code="e">pr&#xF3;l.</subfield>
  </datafield>
  <datafield tag="910" ind1=" " ind2=" ">
    <subfield code="a">VMateo </subfield>
  </datafield>
  <datafield tag="942" ind1=" " ind2=" ">
    <subfield code="2">ddc</subfield>
    <subfield code="c">BK</subfield>
  </datafield>
  <datafield tag="952" ind1=" " ind2=" ">
    <subfield code="0">0</subfield>
    <subfield code="1">0</subfield>
    <subfield code="2">ddc</subfield>
    <subfield code="4">0</subfield>
    <subfield code="7">0</subfield>
    <subfield code="8">CD</subfield>
    <subfield code="a">BPMET</subfield>
    <subfield code="b">BPMET</subfield>
    <subfield code="d">2017-10-20</subfield>
    <subfield code="o">BPMSU CD 928.617293 M843L 2006</subfield>
    <subfield code="p">BPMSU17100097</subfield>
    <subfield code="r">2017-10-20</subfield>
    <subfield code="w">2017-10-20</subfield>
    <subfield code="y">BK</subfield>
  </datafield>
  <datafield tag="952" ind1=" " ind2=" ">
    <subfield code="0">0</subfield>
    <subfield code="1">0</subfield>
    <subfield code="2">ddc</subfield>
    <subfield code="4">0</subfield>
    <subfield code="7">0</subfield>
    <subfield code="8">CD</subfield>
    <subfield code="a">BPMET</subfield>
    <subfield code="b">BPMET</subfield>
    <subfield code="d">2021-04-30</subfield>
    <subfield code="e">BNPHU</subfield>
    <subfield code="o">BPMSU CD 928.617293 M843L 2006</subfield>
    <subfield code="p">BPMSU21040058</subfield>
    <subfield code="r">2021-04-30</subfield>
    <subfield code="w">2021-04-30</subfield>
    <subfield code="y">BK</subfield>
  </datafield>
  <datafield tag="999" ind1=" " ind2=" ">
    <subfield code="c">12655</subfield>
    <subfield code="d">12655</subfield>
  </datafield>
</record>
